The rise of the West : (Record no. 13308)
[ view plain ]
| 000 -LEADER | |
|---|---|
| fixed length control field | 01470pam a2200337 i 4500 |
| 001 - CONTROL NUMBER | |
| control field | 1542894 |
| 003 - CONTROL NUMBER IDENTIFIER | |
| control field | EG-ScBUE |
| 005 - DATE AND TIME OF LATEST TRANSACTION | |
| control field | 20230717145600.0 |
| 008 - FIXED-LENGTH DATA ELEMENTS--GENERAL INFORMATION | |
| fixed length control field | 910620r19641963enkab f b001 0 1ng eng d |
| 020 ## - INTERNATIONAL STANDARD BOOK NUMBER | |
| International Standard Book Number | 0226561410 (alk. paper) |
| 040 ## - CATALOGING SOURCE | |
| Original cataloging agency | DLC |
| Language of cataloging | eng |
| Description conventions | rda |
| Transcribing agency | DLC |
| Modifying agency | DLC |
| -- | EG-ScBUE |
| 082 04 - DEWEY DECIMAL CLASSIFICATION NUMBER | |
| Classification number | 909 |
| Edition number | 22 |
| Item number | MCN |
| 100 1# - MAIN ENTRY--PERSONAL NAME | |
| Personal name | McNeill, William Hardy, |
| Dates associated with a name | 1917- |
| Relator term | author. |
| 9 (RLIN) | 11073 |
| 245 14 - TITLE STATEMENT | |
| Title | The rise of the West : |
| Remainder of title | a history of the human community / |
| Statement of responsibility, etc | by William H. McNeill ; drawings by Bela Petheo. |
| 250 ## - EDITION STATEMENT | |
| Edition statement | Fifth impression. |
| 264 #1 - PUBLICATION, DISTRIBUTION, ETC. (IMPRINT) | |
| Place of publication, distribution, etc | Chicago : |
| Name of publisher, distributor, etc | University of Chicago Press, |
| Date of publication, distribution, etc | 1964. |
| 300 ## - PHYSICAL DESCRIPTION | |
| Extent | xxxii, 829 pages : |
| Other physical details | illustrations, maps ; |
| Dimensions | 23 cm |
| 336 ## - CONTENT TYPE | |
| Source | rdacontent |
| Content type term | text |
| Content type code | txt |
| 337 ## - MEDIA TYPE | |
| Source | rdamedia |
| Media type term | unmediated |
| Media type code | n |
| 338 ## - CARRIER TYPE | |
| Source | rdacarrier |
| Carrier type term | volume |
| Carrier type code | nc |
| 504 ## - BIBLIOGRAPHY, ETC. NOTE | |
| Bibliography, etc | Includes bibliographical references and index. |
| 650 #7 - SUBJECT ADDED ENTRY--TOPICAL TERM | |
| Topical term or geographic name as entry element | Civilization |
| General subdivision | History. |
| Source of heading or term | BUEsh |
| 9 (RLIN) | 11074 |
| 650 #7 - SUBJECT ADDED ENTRY--TOPICAL TERM | |
| Topical term or geographic name as entry element | Civilization, Western. |
| Source of heading or term | BUEsh |
| 9 (RLIN) | 11075 |
| 655 ## - INDEX TERM--GENRE/FORM | |
| Form subdivision | Reading book |
| 856 42 - ELECTRONIC LOCATION AND ACCESS | |
| Materials specified | Contributor biographical information |
| Uniform Resource Identifier | <a href="http://www.loc.gov/catdir/enhancements/fy0609/91024224-b.html">http://www.loc.gov/catdir/enhancements/fy0609/91024224-b.html</a> |
| 856 42 - ELECTRONIC LOCATION AND ACCESS | |
| Materials specified | Publisher description |
| Uniform Resource Identifier | <a href="http://www.loc.gov/catdir/enhancements/fy0608/91024224-d.html">http://www.loc.gov/catdir/enhancements/fy0608/91024224-d.html</a> |
| 856 41 - ELECTRONIC LOCATION AND ACCESS | |
| Materials specified | Table of contents only |
| Uniform Resource Identifier | <a href="http://www.loc.gov/catdir/enhancements/fy0608/91024224-t.html">http://www.loc.gov/catdir/enhancements/fy0608/91024224-t.html</a> |
| 942 ## - ADDED ENTRY ELEMENTS (KOHA) | |
| Source of classification or shelving scheme | Dewey Decimal Classification |
| Koha item type | Book - Borrowing |
| Withdrawn status | Lost status | Source of classification or shelving scheme | Damaged status | Not for loan | Collection code | Home library | Current library | Shelving location | Date acquired | Source of acquisition | Total Checkouts | Full call number | Barcode | Date last seen | Price effective from | Koha item type |
|---|---|---|---|---|---|---|---|---|---|---|---|---|---|---|---|---|
| Dewey Decimal Classification | Donation-Gift | Central Library | Central Library | Second Floor | 08/02/2010 | Donation | 909 MCN | 000019685 | 15/07/2025 | 08/02/2010 | Book - Borrowing |